Instituciones del derecho natural y de gentes / (Record no. 158324)

MARC details
000 -LEADER
campo de control de longitud fija 00729nam a22001935i 4500
001 - NÚMERO DE CONTROL
campo de control 158324
003 - IDENTIFICADOR DE NÚMERO DE CONTROL
campo de control ES-MaACL
005 - FECHA Y HORA DE LA ÚLTIMA TRANSACCIÓN
campo de control 20250902193514.0
008 - DATOS DE LONGITUD FIJA--INFORMACIÓN GENERAL
campo de control de longitud fija 950111s1821 sp |||| | spa d
040 ## - FUENTE DE CATALOGACIÓN
Centro catalogador/agencia de origen CLM
Lengua de catalogación spa
100 0# - ENTRADA PRINCIPAL--NOMBRE DE PERSONA
Nombre de persona M.R.
9 (RLIN) 129269
245 10 - MENCIÓN DEL TÍTULO
Título Instituciones del derecho natural y de gentes /
Mención de responsabilidad, etc. escritas en francés por M.R. ; las publica Marcial Antonio Lopez.
260 ## - PUBLICACIÓN, DISTRIBUCIÓN, ETC.
Lugar de publicación, distribución, etc. Madrid :
Nombre del editor, distribuidor, etc. [s.n.],
Fecha de publicación, distribución, etc. 1821 (
Fabricante Imprenta de la Compañía, por su regente Juan José Sigüenza y Vera...)
300 ## - DESCRIPCIÓN FÍSICA
Extensión 2 v. ;
Dimensiones 16 cm.
650 #7 - PUNTO DE ACCESO ADICIONAL DE MATERIA--TÉRMINO DE MATERIA
Término de materia o nombre geográfico como elemento de entrada Derecho natural
Fuente del encabezamiento o término embne
9 (RLIN) 11744
700 1# - ENTRADA AGREGADA--NOMBRE PERSONAL
Nombre de persona López, Marcial Antonio,
Fechas asociadas al nombre m.1875
9 (RLIN) 150593
852 ## - LOCALIZACIÓN
Ubicación ES-MaACL
Número de control de estantería G-10985
Nota libre -- Enc. hol.
condición física -- Sólo T. II
Holdings
Estatus retirado Estado de pérdida Estado de daño No para préstamo Colección Biblioteca de origen Biblioteca actual Ubicación en estantería Fecha de adquisición Fuente de adquisición Total de préstamos Signatura topográfica completa Código de barras Visto por última vez Precio de reemplazo Tipo de ítem Koha
        Libros del s. XIX Biblioteca del Ateneo de Madrid Biblioteca del Ateneo de Madrid Sala Pecera Planta 3 17/01/2008     G-10985 1165704 23/02/2023 23/02/2023 Libro impreso antiguo